Statistics for What is this?

Click here to take the quiz!

General Stats

  • This quiz has been taken 21 times
  • The average score is 14 of 16

Answer Stats

Answer% Correct
Bell
100%
Flag
100%
Gold
100%
microphone
100%
Starfish
100%
Statue
100%
Tree
100%
Dog
94%
Pen
94%
Pepper
94%
Puzzle
94%
Tulip
89%
Leaf
83%
Calf
72%
Tire
61%
waffle
61%

Score Distribution

Percentile by Number Answered

Percent of People with Each Score

Your Score History

You have not taken this quiz